| 000 | 00747nam a22002177a 4500 | ||
|---|---|---|---|
| 999 |
_c5580 _d5580 |
||
| 003 | AR-CdUCM | ||
| 008 | 190312b ||||| |||| 00| 0 spa d | ||
| 040 |
_aMUNICIPALIDAD PROVINCIAL DEL CUSCO _cBIBLIOTECA MUNICIPAL DEL CUSCO |
||
| 082 |
_22 ed. _a985.0191 / _bC77 |
||
| 100 |
_aCordova Salinas, Fray Diego _916700 |
||
| 245 | _aCrónica Franciscana de la provincias del Perú / | ||
| 260 |
_aMéxico : _bJus, _c1957. |
||
| 300 |
_a1195 paginas ; _c29 cm. |
||
| 505 | _aContenido : Datos biográficos -- Escritos -- La crónica -- Fuentes y bibliográfica ... | ||
| 650 |
_aBiografía _922 |
||
| 650 |
_aCrónica _9637 |
||
| 650 |
_aHistoria del Peru _9259 |
||
| 700 |
_aCanedo. O. F. M, Lino G _916701 |
||
| 942 |
_2ddc _cLIBROS |
||
| 945 | _arah | ||